000
00213 a2200097 4500
001
10684
100
_a
Hobbs, J S
245
_a
General world & genral geography.
260
_a
_b
E U Press
_c
090
_c
8285
_d
8285
942
_a
NUST-CAE
_c
M
_c
35028
999
_c
245757
_d
245757